000 01037nam a2200289 i 4500
001 12066
003 ES-MaACL
005 20250818102742.0
007 t|
008 970303s1993 sp ||||1| spa d
020 _a84-86844-99-1
080 _a946.018"1252/84"
080 _a929 Alfonso (460.18) X
100 1 _aGonzález Jiménez, Manuel.
_958734
245 1 0 _aAlfonso X el Sabio, 1252-1284 /
_cManuel González Jiménez.
260 _aPalencia :
_bDiputación Provincial ;
_aBurgos :
_bLa Olmeda,
_c1993.
300 _a361 p., [16] p. de lám. ;
_c22 cm.
490 1 _aCorona de España I. Reyes de Castilla y León
500 _aÍndices.
504 _aBibliografía: p. 320-330.
600 0 4 _aAlfonso
_bX,
_cRey de Castilla
_919872
651 4 _aCastilla (Reino)-
_xHistoria-
_y1252-1284, Alfonso X
_97988
710 1 _aPalencia (Provincia).
_bDiputación Provincial.
_96107
830 1 0 _aCorona de España.
_pReyes de Castilla y León
_9179243
852 4 _aES-MaACL
_jL-19324
999 _c12066
_d12066